ARRUPE JESUIT UNIVERSITY

CORONAVIRUS -STOP THE SPREAD - CLEAN,DISINFECT,COVER

The first thousand years : (Record no. 125393)

MARC details
000 -LEADER
fixed length control field 03181cam a2200313 i 4500
001 - CONTROL NUMBER
control field 17324659
003 - CONTROL NUMBER IDENTIFIER
control field ARRUPE
005 - DATE AND TIME OF LATEST TRANSACTION
control field 20160929114156.0
008 - FIXED-LENGTH DATA ELEMENTS--GENERAL INFORMATION
fixed length control field 120530s2012 ctua b 001 0 eng
010 ## - LIBRARY OF CONGRESS CONTROL NUMBER
LC control number 2012021755
020 ## - INTERNATIONAL STANDARD BOOK NUMBER
International Standard Book Number 9780300118841 (hardback)
040 ## - CATALOGING SOURCE
Original cataloging agency DLC
Language of cataloging eng
Transcribing agency DLC
Description conventions rda
Modifying agency DLC
042 ## - AUTHENTICATION CODE
Authentication code pcc
050 00 - LIBRARY OF CONGRESS CALL NUMBER
Classification number BR162.3
Item number .W55 2012
082 00 - DEWEY DECIMAL CLASSIFICATION NUMBER
Classification number 270
Edition number 23
084 ## - OTHER CLASSIFICATION NUMBER
Classification number REL015000
-- REL108020
-- HIS002000
Source of number bisacsh
300 ## - PHYSICAL DESCRIPTION
Other physical details illustrations (some color) ;
Dimensions 25 cm
100 1# - MAIN ENTRY--PERSONAL NAME
Personal name Wilken, Robert Louis,
Dates associated with a name 1936-
9 (RLIN) 26329
245 14 - TITLE STATEMENT
Title The first thousand years :
Remainder of title a global history of Christianity /
Statement of responsibility, etc Robert Louis Wilken.
260 ## - PUBLICATION, DISTRIBUTION, ETC. (IMPRINT)
Place of publication, distribution, etc New Haven
Name of publisher, distributor, etc Yale University Press
Date of publication, distribution, etc 2012
300 ## - PHYSICAL DESCRIPTION
Extent x, 388 p. :
504 ## - BIBLIOGRAPHY, ETC. NOTE
Bibliography, etc Includes bibliographical references and index.
520 ## - SUMMARY, ETC.
Summary, etc "How did a community that was largely invisible in the first two centuries of its existence go on to remake the civilizations it inhabited, culturally, politically, and intellectually? Beginning with the life of Jesus, Robert Louis Wilken narrates the dramatic spread and development of Christianity over the first thousand years of its history. Moving through the formation of early institutions, practices, and beliefs to the transformations of the Roman world after the conversion of Constantine, he sheds new light on the subsequent stories of Christianity in the Latin West, the Byzantine and Slavic East, the Middle East, and Central Asia.Through a selected narration of particularly noteworthy persons and events, Wilken demonstrates how the coming of Christianity set in motion one of the most profound revolutions the world has known. This is not a story limited to the West; rather, Christian communities in Ethiopia, Nubia, Armenia, Georgia, Persia, Central Asia, India, and China shaped the course of Christian history. The rise and spread of Islam had a lasting impact on the future of Christianity, and several chapters are devoted to the early experiences of Christians under Muslim rule. Wilken reminds us that the career of Christianity is characterized by decline and attrition as well as by growth and expansion. Ten years in the making and the result of a lifetime of study, this is Robert Louis Wilken's summa, a moving, reflective, and commanding account from a scholar at the height of his powers"--
520 ## - SUMMARY, ETC.
Summary, etc "A narrative account of the history of Christianity from its beginning to the end of the first millennium. The principal theme is the slow drama of the building of a Christian civilization. A major theme is the mission of Christians among different peoples in many regions of the ancient world: Ethiopia, Nubia, Armenia, Georgia, Persia, central Asia, India, China as well as among the Germanic peoples of northern Europe and the Slavic peoples in the Balkans and Russia. The rise and spread of Islam is integral to the story"--
650 #0 - SUBJECT ADDED ENTRY--TOPICAL TERM
Topical term or geographic name as entry element Church history
Chronological subdivision Primitive and early church, ca. 30-600.
9 (RLIN) 26330
650 #0 - SUBJECT ADDED ENTRY--TOPICAL TERM
Topical term or geographic name as entry element Church history
Chronological subdivision Middle Ages, 600-1500.
9 (RLIN) 11261
906 ## - LOCAL DATA ELEMENT F, LDF (RLIN)
a 7
b cbc
c orignew
d 1
e ecip
f 20
g y-gencatlg
942 ## - ADDED ENTRY ELEMENTS (KOHA)
Source of classification or shelving scheme Library of Congress Classification
Koha item type Monograph ( Printed materials)
Holdings
Withdrawn status Lost status Source of classification or shelving scheme Damaged status Not for loan Collection code Home library Current library Shelving location Date acquired Total Checkouts Full call number Barcode Date last seen Price effective from Koha item type
    Library of Congress Classification     Main Collection ARRUPE LIBRARY ARRUPE LIBRARY Main Collection 28/09/2016   BR162.3 .W55 2012 46500010646 28/09/2016 28/09/2016 Monograph ( Printed materials)

 

Arrupe Library. PO Box MP320 Mt Pleasant, Harare, Zimbabwe
263 242 745411|librarian@aju.ac.zw